00613nam a2200181Ia 4500003000900000008004100009040001600050080002700066110003300093245014900126260005000275300000800325500001900333650001500352650002500367650001800392650002100410IN-BaIIA211028s9999 xx 000 0 eng d cIIA Library a083.7:669.715.423bISI aIndian Standards Institution 0aIndian standard specification for aluminium extruded bars rods and sections for aircraft purposes (alloy no.24345)cIndian Standards Institution aNew DelhibIndian Standards Institutionc1976 a8p. aIS 7428 : 1974 a Aircraft a Aluminium Alloys  a Standards  aNASA Thesaurus